Statistiken für Hauptstädte mit den Kürzesten Namen

Klicken Sie hier um das Quiz zu spielen!

Allgemein

  • Dieses Quiz wurde 1.067 mal gespielt
  • Das Durchschnittsergebnis liegt bei 25 aus 39

Antwortstatistiken

BuchstabenHauptstadt% Korrekt
Europa3Rom
95%
Europa4Oslo
90%
Europa4Wien
90%
Europa4Bern
89%
Europa5Paris
86%
Europa4Prag
86%
Südamerika4Lima
85%
Europa4Riga
80%
Europa5Athen
77%
Afrika5Kairo
76%
Europa4Kiew
76%
Asien5Tokio
76%
Europa5Minsk
73%
Südamerika5Quito
73%
Afrika5Tunis
71%
Europa5Sofia
67%
Südamerika5Sucre/La Paz
64%
Europa5Vaduz
63%
Asien4Riad
62%
Asien4Baku
60%
Afrika5Dakar
59%
Asien4Doha
59%
Asien5Seoul
59%
Afrika4Lomé
58%
Afrika5Rabat
57%
Asien5Sanaa
55%
Asien4Dili
53%
Asien5Hanoi
52%
Ozeanien4Suva
52%
Afrika5Accra
50%
Asien5Dhaka
50%
Asien4Malé
50%
Asien5Kabul
46%
Ozeanien4Apia
45%
Afrika4Juba
45%
Asien5Amman
44%
Afrika5Abuja
39%
Ozeanien5Yaren
36%
Afrika5Praia
33%

Verteilung der Resultate

Perzentil nach korrekt beantworteten Fragen

Anzahl Personen mit jedem Resultat

Ihre Resultats-Entwicklung

Sie haben dieses Quiz noch nicht gespielt